Responses for Show #4681 - Monday, January 3, 2005

Kerry Breitenbach game 2.

Contestants

[<< previous game]

Mia Hasouris, an apherisis recruiter and graduate student from St. Paul, Minnesota

David Jackman, a doctor from Boston, Massachusetts

Kerry Breitenbach, a marketing analyst from South Euclid, Ohio (whose 1-day cash winnings total $7,300)

[next game >>]

Jeopardy! Round responses

THE TROPIC OF CANCER
EDUCATIONAL TELEVISION
ORGANIZATIONS
IT'S NOT CATCHING
THIRD BASE
LET'S GET IT "ON"!
    $200 16
the equator

David
    $200 6
Welcome Back, Kotter

David
    $200 26
an honor society

Kerry
    $200 21
allergies

David
    $200 11
mosques

Kerry
    $200 1
neon

Kerry
    $400 17
summer

David
    $400 7
Saved by the Bell

David
    $400 27
(David: What is the commerce committee?)

the Chamber of Commerce

DavidMia
    $400 22
anemia

David
    $400 12
Isaac Newton

David
    $400 2
eon

Mia
    $600 18
the Sahara

David
    $600 8
Head of the Class

Mia
    $600 28
the American Heart Association

Kerry
    $600 23
(David: What is a hematoma?)

contusion

KerryDavid
    $600 13
the red crescent

David
    $600 3
peon

Kerry
    $800 19
Havana

Kerry
    $800 9
Room 222

Triple Stumper
    $800 29
K Street

Kerry
    $800 24
chronic-fatigue syndrome

Kerry
    $800 14
Checkpoint Charlie

Kerry
    $800 4
Freon

David
    $1000 20
Bangladesh

Kerry
    $1000 10
Square Pegs

Kerry
    $2,400 30
Interpol

Kerry
    $1000 25
(Mia: What is arthritis?)

bursitis

DavidMia
    $1000 15
(Amy) Tan

David
    $1000 5
Leon

David

Scores at the first commercial break (after clue 15):

Kerry David Mia
$2,800 $4,400 $1,000

Scores at the end of the Jeopardy! Round:

Kerry David Mia
$10,000 $6,200 $400

Double Jeopardy! Round responses

PHYSICS
NAME THAT WESTERN
JANE GREY'S BLUES
"HALL"s OF FAME
WOMEN WRITERS
-O-O-O
(Alex: Each correct response will have three nonconsecutive "O"s in it.)
    $400 2
a chain reaction

Kerry
    $400 21
Butch Cassidy and the Sundance Kid

Triple Stumper
    $400 19
15

Triple Stumper
    $400 11
Radio City Music Hall

Kerry
    $400 1
Toni Morrison

David
    $400 3
chromosomes

Mia
    $800 7
(David: What is friction?)

inertia

David
Triple Stumper
    $800 22
(David: What is...)
...
(Alex: [*], yes, with Billy Crystal.)

City Slickers

DavidMia
    $800 20
the Tower of London

Kerry
    $800 15
(Mia: What is Tammany Hall?)

Independence Hall

Mia
Triple Stumper
    $800 4
Carson McCullers

Mia
    $800 6
a komodo dragon

David
    $2,000 8
(Alex: Yes, the [*]-life. 14 billion years.)

half

David
    $1200 24
High Noon

Triple Stumper
    $1200 27
Mary

Kerry
    $2,400 16
(Kerry: Thanks, Mia!)
(Alex: One clue too early, Mia, sorry.)

Tammany Hall

Kerry
    $1200 5
Anne Rice

Kerry
    $1200 12
monotony

Triple Stumper
    $1600 9
the Edison effect

Triple Stumper
    $1600 25
(Kerry: What is The Unforgiven?)
...
(Alex: The Unforgiven was the Burt Lancaster film many years ago.)

Unforgiven

KerryDavid
    $1600 28
[The end-of-round signal sounds.]

9

Triple Stumper
    $1600 17
Faneuil Hall

Kerry
    $1600 23
Joan Didion

Triple Stumper
    $1600 13
E.L. Doctorow

Kerry
    $2000 10
(Mia: Who is Doppler?)

(Gaspard-Gustave de) Coriolis

Mia
Triple Stumper
    $2000 18
Seton Hall

Kerry
    $2000 26
Patricia Highsmith

Triple Stumper
    $2000 14
anthropomorphism

Kerry

Scores at the end of the Double Jeopardy! Round:

Kerry David Mia
$22,000 $9,400 -$400
(lock game)

[wagering suggestions for these scores]

Final Jeopardy! Round responses

MILITARY MATTERS
(Alex: It's about $1500 per person compared to here in the United States, where we spend about $1000 per person.)
...
(Alex: [After David's response is revealed] No, they don't spend much on national defense at the Vatican.)
...
(Alex: Lotta enemies around [*].)
DavidWhat is the Vatican
$1,000
KerryWhat is North Korea?
$1,000
Israel

Final scores:

Kerry David Mia
$21,000 $8,400 -$400
2-day champion: $28,300 2nd place: $2,000 3rd place: $1,000

Game dynamics:

Coryat scores:

Kerry David Mia
$19,400 $8,600 -$400
23 R
(including 2 DDs),
1 W
17 R
(including 1 DD),
4 W
6 R,
3 W

Combined Coryat: $27,600

[game] [game scores] [suggest correction]

Game tape date: 2004-11-03
The J! Archive is created by fans, for fans. Scraping, republication, monetization, and malicious use prohibited; this site may use cookies and collect identifying information. See terms. The Jeopardy! game show and all elements thereof, including but not limited to copyright and trademark thereto, are the property of Jeopardy Productions, Inc. and are protected under law. This website is not affiliated with, sponsored by, or operated by Jeopardy Productions, Inc. Join the discussion at JBoard.tv.